000 00477nam a22001937a 4500
003 MPLRDC
005 20220104142741.0
008 210129b ||||| |||| 00| 0 eng d
020 _a7-5347-3659-5
082 _a859.61 ZGJD v.7
100 _a李郁夫主编
245 _a七侠五义
_c
250 _a一版一刷
260 _a
_b大象
_c2005
300 _b
490 _a注音彩绘本中国经典7
650 _a中国文学故事
942 _cBK
_o859.61 ZGJD v.7
999 _c33411
_d33401